Història gràfica de la Catalunya contemporània : 1888-1931 / Edmon Vallès 1888-1931 / Edmon Vallès
Descripción Física:
3 v. . il. ; 30 cm
Materias:
Catalunya -- Història -- 1888/1931
MARC
| LEADER | 00000nam a2200000Ia 4500 | ||
|---|---|---|---|
| 001 | 1698, 1699, 1700 | ||
| 008 | 160829s1978 - 1981 xx 000 0 cat d | ||
| 080 | |a H-1-1, H-1-2, H-1-3 | ||
| 100 | |a Vallès, Edmon |9 30149 | ||
| 245 | |a Història gràfica de la Catalunya contemporània : |b 1888-1931 / Edmon Vallès | ||
| 260 | |a Barcelona : |b Edicions 62, |c 1978 - 1981 | ||
| 300 | |a 3 v. . il. ; |c 30 cm | ||
| 590 | |a Conté: 1: De l'exposició universal a Solidaritat Catalana : 1888-1907. | ||
| 590 | |a 3a ed. | ||
| 590 | |a 1978; 2: De Solidaritat Catalana a la Mancomunitat : 1908-1916. | ||
| 590 | |a 3a ed. | ||
| 590 | |a 1981 , 3: De l'assemblea de parlamentaris al 14 d'abril de 1931 : 1917-1931. | ||
| 590 | |a 1976 | ||
| 650 | |a Catalunya |x Història |x 1888/1931 |9 30150 | ||
| 901 | |a Arxiu | ||
| 942 | |n 1 | ||
| 952 | |0 0 |1 0 |4 0 |6 H11_H12_H13 |7 1 |9 45294 |a Arxiu |b Arxiu |d 2016-12-01 |l 0 |o H-1-1, H-1-2, H-1-3 |p 1698, 1699, 1700 |r 2016-12-01 00:00:00 |w 2016-12-01 |y ARXIU | ||
| 999 | |c 48368 |d 48368 | ||